00462pam a2200169 a 4500020001500000040000800015082002600023100002200049245004400071250001200115260003700127300004800164650002700212650001400239650001600253700002300269 a0023791829 cDLC00a519 DEL 1991 A059 Or.1 aMcClave, James T.10aStatistics for business and economics / a5th ed. aSan Francisco :bDellen,cc1991. axvii, 1228 p. :bill. (some col.) ;c27 cm. 0aCommercial statistics. 0aEconomics 0aStatistics.1 aBenson, P. George,